Fundamentals of sales and distribution management : text and cases (Record no. 18514)
[ view plain ]
| 000 -LEADER | |
|---|---|
| fixed length control field | 00528nam a2200169Ia 4500 |
| 008 - FIXED-LENGTH DATA ELEMENTS--GENERAL INFORMATION | |
| fixed length control field | 220501s2020 xx 000 0 eng d |
| 020 ## - INTERNATIONAL STANDARD BOOK NUMBER | |
| International Standard Book Number | 9789389698022 |
| 082 ## - DEWEY DECIMAL CLASSIFICATION NUMBER | |
| Classification number | 658.8 DUT-F |
| 100 ## - MAIN ENTRY--PERSONAL NAME | |
| Personal name | Dutta, Bholanath |
| 245 #0 - TITLE STATEMENT | |
| Title | Fundamentals of sales and distribution management : text and cases |
| Statement of responsibility, etc | Bholanath Dutta |
| 260 ## - PUBLICATION, DISTRIBUTION, ETC. (IMPRINT) | |
| Place of publication, distribution, etc | NOIDA |
| Name of publisher, distributor, etc | Wiley |
| Date of publication, distribution, etc | 2020 |
| 300 ## - PHYSICAL DESCRIPTION | |
| Extent / Pages | xiv, 281 |
| 650 ## - SUBJECT ADDED ENTRY--TOPICAL TERM | |
| Topical term or geographic name as entry element | Marketing channels - Management |
| 650 ## - SUBJECT ADDED ENTRY--TOPICAL TERM | |
| Topical term or geographic name as entry element | Physical distribution of goods - Management |
| 650 ## - SUBJECT ADDED ENTRY--TOPICAL TERM | |
| Topical term or geographic name as entry element | Sales management |
| 942 ## - ADDED ENTRY ELEMENTS (KOHA) | |
| Source of classification or shelving scheme | |
| Koha item type | Reference Books |
| 942 ## - ADDED ENTRY ELEMENTS (KOHA) | |
| -- | 1 |
| Withdrawn status | Lost status | Source of classification or shelving scheme | Damaged status | Not for loan | Home library | Current library | Date acquired | Source of acquisition | Full call number | Barcode | Date last seen | Copy number | Bill Date | Koha item type | Bill Number | Total Checkouts | Total Renewals | Date last borrowed |
|---|---|---|---|---|---|---|---|---|---|---|---|---|---|---|---|---|---|---|
| SOBD Library | SOBD Library | 17/05/2022 | Vedi Books | 658.8 DUT-F1 | 001238 | 01/07/2022 | 1 | 13/04/2022 | Reference Books | VEDI/22-23/04/09 | ||||||||
| SOBD Library | SOBD Library | 17/05/2022 | Vedi Books | 658.8 DUT-F2 | 001239 | 21/10/2022 | 2 | 13/04/2022 | Books | VEDI/22-23/04/09 | 1 | 1 | 20/09/2022 |